| 000 | 00843 a2200253 4500 | ||
|---|---|---|---|
| 003 | OSt | ||
| 005 | 20180116192337.0 | ||
| 008 | 120524t xxu||||| |||| 00| 0 eng d | ||
| 010 | _a 2005926652 | ||
| 020 | _a1563673452 | ||
| 040 | _c0 | ||
| 082 | 0 | 0 | _a391.009 |
| 100 | 1 |
_aTortora, Phyllis G. _91859 |
|
| 245 | 1 | 0 |
_aSurvey of historic costume : _ba history of Western dress / _cPhyllis G. Tortora, Keith Eubank. |
| 246 | 3 | 0 | _aHistoric costume |
| 250 | _a4th ed. | ||
| 260 |
_aNew York : _bFairchild Publications, _cc2004. |
||
| 300 |
_axxii, 585 p. : _bill. (some col.) ; _c29 cm. |
||
| 500 | _aIncludes bibliographical refrences and index | ||
| 650 | 0 |
_aClothing and dress _xHistory. _91860 |
|
| 700 | 1 |
_aEubank, Keith. _91861 |
|
| 942 |
_aSADA _cBK _k391.009 TOR 2004 _2ddc |
||
| 999 |
_c352497 _d352497 |
||